LEADER 01132nam0-22003971i-450- 001 990003782420403321 005 20040517121923.0 010 $a88-204-3716-3 035 $a000378242 035 $aFED01000378242 035 $a(Aleph)000378242FED01 035 $a000378242 100 $a20030910d--------km-y0itay50------ba 101 0 $aita 105 $ay-------001yy 200 1 $a<>sguardo semiotico$epubblicità, stampa, radio$fa cura di Andrea Semprini 205 $a3.ed. 210 $aMilano$cFranco Angeli$d1993 215 $a244 p.$cfig., tav.$d22 cm 225 1 $aImpresa, comunicazione, mercato$v3 610 0 $aSemiotica 610 0 $aStampa$aContenuto della comunicazione 610 0 $aRadio$aContenuto della comunicazione 610 0 $aPubblicità$aContenuto della comunicazione 676 $a302.2 676 $a302.232 676 $a302.2344 676 $a659.1 702 1$aSemprini,$bAndrea 801 0$aIT$bUNINA$gRICA$2UNIMARC 901 $aBK 912 $a990003782420403321 952 $a302.2 SEM 1$b5205$fBFS 959 $aBFS 996 $aSguardo semiotico$9198212 997 $aUNINA LEADER 01325nam a22003011i 4500 001 991003024989707536 005 20040513104231.0 008 040624s1984 uika||||||||||||||||eng 035 $ab13012812-39ule_inst 035 $aARCHE-097049$9ExL 040 $aDip.to Beni Culturali$bita$cA.t.i. Arché s.c.r.l. Pandora Sicilia s.r.l. 082 04$a939.73 100 1 $aFulford, Michael$0216463 245 14$aThe avenue du President Habib Bourguiba, Salammbo 260 $aSheffield :$bpublished for the British Academy from the University of Sheffield, Department of Prehistory and Archaeology,$c1984 300 $a2 v. :$bill. ;$c31 cm 440 0$aExcavations at Carthage: the British mission ;$v1 650 4$aScavi archeologici$xCartagine 700 1 $aRoskams, Steve 700 1 $aPeacock, David P. S 700 1 $aHurst, Henry R. 907 $a.b13012812$b02-04-14$c12-07-04 912 $a991003024989707536 945 $aLE001 AR IX 4 8$g1$i2001000124312$lle001$nV. 1.1. - C. 1$o-$pE0.00$q-$rl$s- $t0$u0$v0$w0$x0$y.i13624726$z12-07-04 945 $aLE001 AR IX 4a 8$g1$i2001000124305$lle001$nV. 1.2. - C. 1$o-$pE0.00$q-$rl$s- $t0$u0$v0$w0$x0$y.i13624738$z12-07-04 996 $aAvenue du President Habib Bourguiba, Salammbo$9282782 997 $aUNISALENTO 998 $ale001$b12-07-04$cm$da $e-$feng$guik$h4$i2